| 000 | 00546nam a22002057a 4500 | ||
|---|---|---|---|
| 005 | 20260325085229.0 | ||
| 008 | 260325b |||||||| |||| 00| 0 eng d | ||
| 020 |
_a978-93-93325-59-4 _cRs.659.00 |
||
| 040 | _aLoreto College | ||
| 041 | _aEnglish | ||
| 082 |
_a526 _bKHU |
||
| 100 | _aKhullar,D.R. | ||
| 245 |
_aEssentials of practical geography _cD.R.Khullar |
||
| 260 |
_aJalandhar _bNew Academic Publishing _c2023 |
||
| 300 | _a496p.;24cm. | ||
| 650 | _aGeography | ||
| 650 | _aPractical geography | ||
| 850 | _aLCLIB | ||
| 942 | _cBK | ||
| 999 |
_c44290 _d94769 |
||